Countries with the Highest Minimum Wages - Statistics

General Stats
  • This quiz has been taken 336 times
  • The average score is 8 of 10
Answer Stats
$ Country % Correct
7.19 Germany
92%
8.24 France
90%
7.06 United Kingdom
90%
7.18 Canada
84%
8.2 Netherlands
82%
9.54 Australia
80%
8.57 Belgium
78%
7.55 New Zealand
75%
9.24 Luxembourg
69%
8.46 Ireland
67%
No matching quizzes found
Score Distribution
Percent of People with Each Score
Percentile by Number Answered
Your Score History
You have not taken this quiz